000 00588nam a2200181Ia 4500
008 100921s9999 xx 000 0 und d
082 _b209
_a891.463 थ 0
100 _aआपटे नारायण हरी.
245 _aकुणी कुणाचे नव्हे.
260 _b---
_c0
300 _a0
_b---
365 _b0
520 _aललित-कादंबरी.
630 _aकुणी कुणाचे नव्हे.
650 _aललित-कादंबरी.
730 _aकुणी कुणाचे नव्हे.
942 _cBOOK
999 _c749322
_d749319